LEADER 00913naa a2200217 u 4500 001 000000093968 003 CaOOAMICUS 005 20070226130136.0 008 010723m19851988fr u000 u eng u 035 $a10898192 040 $aPUL(R)$bita 100 1 $aMoursi Badr, Gamal,$d1924-$0(OLS)http://pul/name/60431 245 10$aAgency :$bunification of material law and of conflict rules /$cby Gamal Moursi Badr. 260 $a[S. l. :$bs. n.],$c1985-1988. 300 $aP. [1-168] 504 $aBibliografia in nota. 650 4$aDiritto commerciale internazionale.$0(OLS)http://pul/subject/25158 773 0 $tRecueil des cours$gv.I (1984) 773 0 $tRecueil des cours 1984 : collected courses of The Hague Academy of International Law$w()60437 996 $6245$aAgency :$bunification of material law and of conflict rules$9(OLS)http://pul/title/120825 996 $6260$a[S. l. :$bs. n.]$9(OLS)http://pul/publisher/47882 LEADER 01462nam a2200337 a 4500 001 000000169061 003 CaOOAMICUS 005 20180911114836.0 008 180911s2014 it a u000 u ita r 020 $a978-88-6030-641-8* 032 $aLibriCat 040 $aPUL$bita 082 04$a530 100 1 $aRovelli, Carlo,$d1956-$0(OLS)http://pul/name/108917 245 13$aLa realtą non č come ci appare :$bla struttura elementare delle cose /$cCarlo Rovelli. 260 $aMilano :$bRaffaello Cortina,$c©2014. 300 $a241 p. :$bill. ;$c23 cm. 490 1 $aScienza e idee ;$v244 504 $aBibliografia p. 233-236. 650 4$aFisica$xStoria.$0(OLS)http://pul/subject/28965 650 4$aGravitą (teorie quantistiche).$0(OLS)http://pul/subject/45614 650 4$aSpazio e tempo.$0(OLS)http://pul/subject/23972 830 0$aScienza e idee (Raffaello Cortina) ;$v244.$0(OLS)http://pul/title/60185 850 $aPUL 852 $aPUL$W1$xSL Cons. Gen., Altre Classi 3$y75$m530 ROVCA 1$j192317$qDDC 21$B197024$CPULBib$Z2$F197024 $H131251 $81 941 1 $a9 996 $6020$a978-88-6030-641-8*$9(OLS)http://pul/number/164655 996 $6082$a530$9(OLS)http://pul/classification/2228 996 $6245$aLa realtą non č come ci appare :$bla struttura elementare delle cose$9(OLS)http://pul/title/209620 996 $6260$aMilano :$bRaffaello Cortina$9(OLS)http://pul/publisher/63509